| 000 | 00478nam a2200169Ia 4500 | ||
|---|---|---|---|
| 005 | 20250508152723.0 | ||
| 008 | 008 250505s9999 xx 000 0 eng d | ||
| 037 | _aBooks to be hide in OPAC | ||
| 040 |
_aFEDL _beng _cFEDL |
||
| 041 |
_aeng _2eng |
||
| 084 |
_a370.2, WCO/O _qFEDL |
||
| 100 |
_aWcotp _9762217 |
||
| 245 | 0 | _aHand book of education in Asia, Australia and New Zealand | |
| 300 | _a81p. | ||
| 942 |
_cHB _h370.2, WCO/O |
||
| 999 |
_c1338297 _d1338297 |
||